<?xml version="1.0" encoding="UTF-8"?>
<record
    xmlns:xsi="http://www.w3.org/2001/XMLSchema-instance"
    xsi:schemaLocation="http://www.loc.gov/MARC21/slim http://www.loc.gov/standards/marcxml/schema/MARC21slim.xsd"
    xmlns="http://www.loc.gov/MARC21/slim">

  <leader>00461nam a22001697a 4500</leader>
  <controlfield tag="005">20230114111849.0</controlfield>
  <controlfield tag="008">220209b           ||||| |||| 00| 0 eng d</controlfield>
  <datafield tag="020" ind1=" " ind2=" ">
    <subfield code="a">978-93-97686-37-3</subfield>
  </datafield>
  <datafield tag="041" ind1=" " ind2=" ">
    <subfield code="a">eng</subfield>
  </datafield>
  <datafield tag="082" ind1=" " ind2=" ">
    <subfield code="a">615.19</subfield>
  </datafield>
  <datafield tag="100" ind1=" " ind2=" ">
    <subfield code="a">GAHTORI, DR. PRASHANT AND TIWARI, DR.ABHISHEK</subfield>
    <subfield code="9">7019</subfield>
  </datafield>
  <datafield tag="245" ind1=" " ind2=" ">
    <subfield code="a">A TEXTBOOK OF MEDICINAL CHEMISTRY [SEM-IV]</subfield>
  </datafield>
  <datafield tag="260" ind1=" " ind2=" ">
    <subfield code="a">PUNE </subfield>
    <subfield code="b">NIRALI PRAKASHAN</subfield>
  </datafield>
  <datafield tag="300" ind1=" " ind2=" ">
    <subfield code="a">1.4;p</subfield>
  </datafield>
  <datafield tag="650" ind1=" " ind2=" ">
    <subfield code="a">PHARMACY</subfield>
    <subfield code="x">B.PHARMA</subfield>
    <subfield code="9">7083</subfield>
  </datafield>
  <datafield tag="942" ind1=" " ind2=" ">
    <subfield code="c">BK</subfield>
  </datafield>
  <datafield tag="999" ind1=" " ind2=" ">
    <subfield code="c">7885</subfield>
    <subfield code="d">7883</subfield>
  </datafield>
  <datafield tag="952" ind1=" " ind2=" ">
    <subfield code="0">0</subfield>
    <subfield code="1">0</subfield>
    <subfield code="4">0</subfield>
    <subfield code="7">0</subfield>
    <subfield code="8">PHARMACY</subfield>
    <subfield code="a">JRU</subfield>
    <subfield code="b">JRU</subfield>
    <subfield code="c">SHELF-18-B</subfield>
    <subfield code="d">2022-02-09</subfield>
    <subfield code="e">PURCHASE</subfield>
    <subfield code="g">340.00</subfield>
    <subfield code="l">11</subfield>
    <subfield code="m">3</subfield>
    <subfield code="o">615.19</subfield>
    <subfield code="p">26113</subfield>
    <subfield code="r">2025-02-17 12:31:11</subfield>
    <subfield code="s">2025-02-13</subfield>
    <subfield code="w">2022-02-09</subfield>
    <subfield code="y">BK</subfield>
  </datafield>
  <datafield tag="952" ind1=" " ind2=" ">
    <subfield code="0">0</subfield>
    <subfield code="1">0</subfield>
    <subfield code="4">0</subfield>
    <subfield code="7">0</subfield>
    <subfield code="8">PHARMACY</subfield>
    <subfield code="a">JRU</subfield>
    <subfield code="b">JRU</subfield>
    <subfield code="c">SHELF-18-B</subfield>
    <subfield code="d">2022-02-09</subfield>
    <subfield code="e">PURCHASE</subfield>
    <subfield code="g">340.00</subfield>
    <subfield code="l">9</subfield>
    <subfield code="m">4</subfield>
    <subfield code="o">615.19</subfield>
    <subfield code="p">26114</subfield>
    <subfield code="r">2024-11-26 15:29:36</subfield>
    <subfield code="s">2024-11-22</subfield>
    <subfield code="w">2022-02-09</subfield>
    <subfield code="y">BK</subfield>
  </datafield>
</record>
